Statistics for cricket quiz

Click here to take the quiz!

General Stats

  • This quiz has been taken 633 times
  • The average score is 6 of 15

Answer Stats

HintAnswer% Correct
which country invented cricket?england
99%
which country won the 1987 cricket world cup?australia
83%
when did sachin tendulkar became the captain of india?1996
72%
which country won the icc twenty20 world cup of 2007?india
65%
which country won the icc champions trophy of 2009?australia
58%
which year did ricky ponting became the captain of australian cricket team?2003
53%
how many times did australia won the cricket world cup?4
53%
when did sir donald bradman became the captain of australia?1936
30%
who is the 1st man at the top 10 in most runs so far?sachin tendulkar
21%
who is the best wicket keeper of all time?adam gilchrist
16%
what is the nickname of the indian cricket team?men in blue
16%
who is the 1st man at the top 10 in most wickets so far?muttiah muralitharan
9%
what is the nickname of the australian cricket team?baggy greens
8%
wh was the first australian captain in cricket?dave gregory
7%
who took most runs in twenty20 world cup so far in 2013?mahela jayarwardene
0%

Score Distribution

Percentile by Number Answered

Percent of People with Each Score

Your Score History

You have not taken this quiz